<The> Business logistics process
Význam logistiky pre optimálne výkony procesov podniku. Charakteristika obchodných procesov a následná integrácia v rámci možností logistických modelov.
Uložené v:
| Hlavný autor: | |
|---|---|
| Médium: | Kapitola |
| Jazyk: | English |
| Predmet: | |
| Tagy: |
Žiadne tagy, Buďte prvý, kto otaguje tento záznam!
|
MARC
| LEADER | 00000nla a2200000 4500 | ||
|---|---|---|---|
| 001 | 0198537 | ||
| 005 | 20240502073344.4 | ||
| 041 | 0 | |a eng | |
| 044 | |a SK | ||
| 245 | 1 | 0 | |a <The> Business logistics process |c Naqibullah Daneshjo |
| 520 | |a Význam logistiky pre optimálne výkony procesov podniku. Charakteristika obchodných procesov a následná integrácia v rámci možností logistických modelov. | ||
| 610 | 2 | 0 | |a modely logistické |
| 610 | 2 | 0 | |a systémy logistické |
| 610 | 2 | 0 | |a produkcia |
| 610 | 2 | 0 | |a procesy podnikové |
| 610 | 2 | 0 | |a plánovanie podnikové |
| 610 | 2 | 0 | |a kvalita |
| 610 | 2 | 0 | |a náklady výrobné |
| 610 | 2 | 0 | |a spotreba |
| 610 | 2 | 0 | |a hospodárstvo skladové |
| 100 | 1 | |a Daneshjo, Naqibullah, 1964- | |